| 000 | 00467nam a22001575i 4500 | ||
|---|---|---|---|
| 001 | 98923 | ||
| 003 | ES-MaACL | ||
| 007 | t| | ||
| 008 | 950919s1879 sp ||||1| spa d | ||
| 040 |
_aCAM _bspa _cCAM |
||
| 100 | 1 |
_aEcheverría, Arturo. _946571 |
|
| 245 | 1 | 0 |
_aTratado elemental de Astronomía / _cpor Arturo Echeverría. |
| 260 |
_aMadrid : _b[s.n.], _c1879 ( _fImp. y Lit. del Depósito de la Guerra) |
||
| 300 |
_a2 v. ; _c23 cm. |
||
| 852 |
_aES-MaACL _jB-323-24 |
||
| 999 |
_c98923 _d98923 |
||